Loading...
| Current Events | 2 | 5.00 | 100% | 0% | 0% |
| Fine Arts - Classical Music | 8 | 12.50 | 88% | 38% | 13% |
| Fine Arts - Other Fine Arts | 6 | 21.67 | 100% | 67% | 50% |
| Fine Arts - Painting & Sculpture | 9 | 13.33 | 89% | 44% | 0% |
| Geography | 3 | 13.33 | 100% | 33% | 0% |
| History - American History | 7 | 12.86 | 100% | 29% | 0% |
| History - European History | 1 | 20.00 | 100% | 100% | 0% |
| History - Other History | 13 | 12.31 | 85% | 39% | 0% |
| History - World History | 8 | 8.75 | 75% | 13% | 0% |
| Literature - American Literature | 7 | 14.29 | 100% | 43% | 0% |
| Literature - British Literature | 3 | 13.33 | 67% | 100% | 0% |
| Literature - European Literature | 3 | 20.00 | 100% | 100% | 0% |
| Literature - World Literature | 6 | 18.33 | 100% | 50% | 33% |
| Mythology | 5 | 14.00 | 100% | 40% | 0% |
| Other Academic | 4 | 12.50 | 100% | 25% | 0% |
| Philosophy | 7 | 11.43 | 86% | 29% | 0% |
| Religion | 5 | 12.00 | 100% | 20% | 0% |
| Science - Biology | 4 | 10.00 | 75% | 25% | 0% |
| Science - Chemistry | 5 | 18.00 | 100% | 60% | 20% |
| Science - Other Science | 6 | 8.33 | 67% | 17% | 0% |
| Science - Physics | 10 | 9.00 | 90% | 0% | 0% |
| Social Science | 7 | 12.86 | 100% | 29% | 0% |